| 000 | 01108nam a2200313 b 4500 | ||
|---|---|---|---|
| 001 | 0002078 | ||
| 003 | DO-SdBNP | ||
| 005 | 20220610120131.0 | ||
| 007 | 0002078 | ||
| 008 | 060125s2005 sp ||| ||spa | ||
| 016 | 7 |
_a _2 |
|
| 017 |
_a _b |
||
| 020 | _a8429406239 | ||
| 035 | _a | ||
| 040 |
_aBPMSU _bspa _cBPMSU _e |
||
| 080 | 0 | _a | |
| 082 | 4 |
_aR463 _bD545p 2005 _222 |
|
| 245 | 0 | 0 |
_aDiccionario panhispánico de dudas _h |
| 260 |
_aMadrid : _bSantillana Ediciones Generales, _c2005 |
||
| 300 |
_aXXXI, 848 p.; _c25 cm _b |
||
| 500 | _aIncluye bibliografía. | ||
| 505 | _aApéndices: Modelos de conjugación verbal, lista de abreviaturas, lista de símbolos alfabetizable, lista de símbolos o signos no alfabetizables, lista de países y capitales, con sus gentilicios ; Glosario de términos lingüísticos usados en el diccionario. | ||
| 650 |
_aEspañol _vDiccionarios |
||
| 650 | 4 |
_aEspañol _xGramática _vDiccionario |
|
| 710 | 2 | _aAsociación de Academias de la Lengua Española. | |
| 710 | 2 | _aReal Academia Española (Madrid) | |
| 910 | _aVMateo V. | ||
| 942 |
_2ddc _cBK |
||
| 999 |
_c10452 _d10452 |
||